Gaming Quiz

Random Gaming or Board Games Quiz

Game characters Quiz Stats

 Plays Quiz not verified by Sporcle

Challenge
Share
Tweet
Embed
Score 0/18 Timer 10:00
0 Plays Today
Clue Person % Correct
Number 6 of the original pocket monstersCharizard
72.3%
Full name of the female bounty hunter who made her first appearance on the Nintendo 8 bitSamus Aran
69.9%
Name of the main character’s trusty helper in “Ocarina of Time”Navi
68.7%
Name of the main character in the series made by both Disney and SquaresoftSora
63.3%
Formal name of the damsel in distress in Nintendo's trademark gamesPrincess Toadstool
57.2%
Name of the character who initially threw Spinies down at the famous plumber, but then became his cameraman, and now holds a traffic light.Lakitu
53.6%
A not so serious guy who even used cannonballs to get rid of aliens Serious Sam
49.4%
New princess who made her first appearance in Mario Galaxy and then became an unlockable character for Mario Kart WiiRosalina
47.6%
Links true friend before he goes off on his adventure in “Ocarina of Time”Saria
45.2%
Clue Person % Correct
Trusty companion in Mario Sunshine Fludd
41%
Male hero starring in the first Resident EvilChris Redfield
39.8%
Original name of the person who changed his name to LeonSquall
38%
Baby like creatures in games by Sega's lead characterChao
38%
Person who gained a complete game series and stared in her own movies: Daughter of Lord RichardLara Croft
31.9%
The only playable beast like character in Final Fantasy XKimahri
28.3%
An invertebrate in a space suit who can use his head as a grappling hookEarthworm Jim
27.1%
Full name of the first female character to join Mortal KombatSonya Blade
17.5%
Old wise guy who helps heroes throughout the Diablo game seriesDeckard Cain
12.7%

You're not logged in!

Compare scores with friends on all Sporcle quizzes.
OR
Log In

You Might Also Like...

Show Comments

Extras

Top Quizzes Today


Score Distribution

Your Account Isn't Verified!

In order to create a playlist on Sporcle, you need to verify the email address you used during registration. Go to your Sporcle Settings to finish the process.

Report this User

Report this user for behavior that violates our Community Guidelines.

Details: